| 000 | 00466nam a2200193Ia 4500 | ||
|---|---|---|---|
| 008 | 210210b2007 xxu||||| |||| 00| 0 eng d | ||
| 041 | _aeng | ||
| 082 | _a519.5 RAGB | ||
| 100 | _aRAGHUNANDAN (B V) | ||
| 245 | _aBusiness statistics and mathematics | ||
| 260 |
_aUdupi _bSushrutha Books _c2007 |
||
| 300 | _a306 | ||
| 650 | _astatistics | ||
| 650 | _amathematics | ||
| 650 | _aBusiness | ||
| 650 | _aand | ||
| 690 | _aBusiness Statistics | ||
| 906 | _a062107 | ||
| 999 |
_c116758 _d116758 |
||